[Event "23rd Dubai Open 2023"]
[Site "Dubai UAE"]
[Date "2023.05.29"]
[Round "3.33"]
[White "Ohanyan, Emin"]
[Black "Lim, Zhuo Ren"]
[Result "1-0"]
[WhiteTitle "IM"]
[BlackTitle "FM"]
[WhiteElo "2444"]
[BlackElo "2294"]
[WhiteFideId "13312022"]
[BlackFideId "5702488"]
[EventDate "2023.05.27"]

1. d4 Nf6 2. c4 d6 3. Nc3 Nbd7 4. e4 e5 5. Nf3 g6 6. Be2 Bg7 7. O-O O-O 8. Be3
Qe7 9. Qc2 exd4 10. Nxd4 c6 11. Nb3 Re8 12. Nd2 Nc5 13. f3 Nh5 14. Rae1 Ne6 15.
f4 Nd4 16. Qd3 Nxe2+ 17. Rxe2 b6 18. Bd4 Bh6 19. g3 Bg4 20. Ree1 Rad8 21. Nd1
Bh3 22. Rf3 Bg4 23. Rfe3 Ng7 24. Nf2 Bc8 25. Bc3 Nh5 26. Nf3 c5 27. R3e2 Qf8 28.
Rd2 Bg7 29. Red1 Bxc3 30. Qxc3 f5 31. e5 dxe5 32. Nxe5 Rxd2 33. Qxd2 Nf6 34. a3
Bb7 35. b4 Qe7 36. Kf1 Kf8 37. Qb2 cxb4 38. axb4 Rd8 39. Rxd8+ Qxd8 40. c5 bxc5
41. bxc5 Ba6+ 42. Kg1 Qa5 43. Qc1 Ne4 44. Nxe4 fxe4 45. c6 e3 46. c7 Bc8 47.
Qxe3 Qxc7 48. Qa3+ Kg7 49. h4 Qb6+ 50. Kg2 Qc7 51. g4 Be6 52. Kg3 Qb7 53. Nf3
Bd5 54. Nd4 Kg8 55. Qd6 Bf7 56. Qd8+ Kg7 57. h5 h6 58. hxg6 Bxg6 59. Ne6+ Kh7
60. Nf8+ Kg7 61. Ne6+ Kh7 62. f5 Bf7 63. Nf8+ Kg8 64. Ng6+ 1-0

[Event "23rd Dubai Open 2023"]
[Site "Dubai UAE"]
[Date "2023.05.29"]
[Round "3.34"]
[White "Mamatov, Melis"]
[Black "Yeganegi, Barad"]
[Result "1/2-1/2"]
[WhiteTitle "FM"]
[WhiteElo "2399"]
[BlackElo "2205"]
[WhiteFideId "13800027"]
[BlackFideId "42516340"]
[EventDate "2023.05.27"]

1. e4 e5 2. Nf3 Nc6 3. Bc4 Nf6 4. d3 Bc5 5. Be3 Bb6 6. Nc3 h6 7. Bxb6 axb6 8. d4
exd4 9. Nxd4 d6 10. O-O O-O 11. Qd2 Qe7 12. Rae1 Qe5 13. Nb3 Na5 14. Bd3 Nxb3
15. axb3 Bd7 16. f4 Qc5+ 17. Qf2 Qxf2+ 18. Kxf2 Rfe8 19. h3 Bc6 20. b4 d5 1/2-1/2

[Event "23rd Dubai Open 2023"]
[Site "Dubai UAE"]
[Date "2023.05.29"]
[Round "3.35"]
[White "Movahed, Sina"]
[Black "Laddha, Shubh Jayesh"]
[Result "1-0"]
[WhiteTitle "FM"]
[BlackTitle "FM"]
[WhiteElo "2359"]
[BlackElo "2397"]
[WhiteFideId "42520835"]
[BlackFideId "30942799"]
[EventDate "2023.05.27"]

1. e4 e5 2. Nf3 Nc6 3. Bb5 a6 4. Ba4 Nf6 5. O-O Be7 6. d3 b5 7. Bb3 O-O 8. a4 b4
9. a5 d6 10. c3 Rb8 11. Nbd2 Be6 12. Nc4 bxc3 13. bxc3 Qc8 14. Re1 Re8 15. Ng5
Nd8 16. Nxe6 Nxe6 17. Ba4 Rd8 18. Ba3 Bf8 19. Bc6 Nf4 20. Ne3 d5 21. Bxf8 Kxf8
22. exd5 N4xd5 23. Nxd5 Nxd5 24. Rxe5 Nxc3 25. Qc2 Nb5 26. Rae1 Nd6 27. h3 h6
28. Qc5 Kg8 29. R1e3 Rb1+ 30. Kh2 Qb8 31. Re7 Kh7 32. Rg3 Qb2 33. Rxc7 Qa1 34.
Rf3 Rh1+ 35. Kg3 Rc1 36. Qh5 Qd4 37. Rf4 Qxd3+ 38. Kh2 Qd2 39. Qe5 Re1 40. Qd4
Qxa5 41. Ra7 Nf5 42. Qb4 Rdd1 43. g4 Qxb4 44. Rxb4 Nd4 45. Bg2 Rd2 46. Rxf7 Ne6
47. Rbb7 Kg8 48. Rbe7 Ree2 49. Bf1 Re4 50. Kg3 Ng5 51. Rxg7+ Kf8 52. Ra7 Re1 53.
Bc4 Ne6 54. Rh7 Ke8 55. Rh8+ Nf8 56. Bf7+ 1-0

[Event "23rd Dubai Open 2023"]
[Site "Dubai UAE"]
[Date "2023.05.29"]
[Round "3.37"]
[White "Gajcin, Marina"]
[Black "Al Qudaimi, Basheer"]
[Result "0-1"]
[WhiteTitle "WIM"]
[BlackTitle "IM"]
[WhiteElo "2256"]
[BlackElo "2401"]
[WhiteFideId "949086"]
[BlackFideId "9400346"]
[EventDate "2023.05.27"]

1. e4 e5 2. Nf3 Nc6 3. Bc4 Nf6 4. d3 Bc5 5. c3 d6 6. a4 a5 7. Nbd2 Ba7 8. O-O
O-O 9. h3 Ne7 10. Bb3 Ng6 11. Nc4 c6 12. Bc2 Re8 13. Re1 h6 14. Be3 Bxe3 15.
Nxe3 d5 16. exd5 cxd5 17. d4 e4 18. Nd2 Nf4 19. c4 dxc4 20. Ndxc4 Ra6 21. d5
Bxh3 22. gxh3 Qc8 23. d6 Qxh3 24. Qd4 Ng4 25. Bxe4 Qh2+ 26. Kf1 Qxf2# 0-1

[Event "23rd Dubai Open 2023"]
[Site "Dubai UAE"]
[Date "2023.05.29"]
[Round "3.38"]
[White "Tissir, Mohamed"]
[Black "Averin, Nikolay"]
[Result "1/2-1/2"]
[WhiteTitle "IM"]
[BlackTitle "FM"]
[WhiteElo "2354"]
[BlackElo "2259"]
[WhiteFideId "9000240"]
[BlackFideId "24250473"]
[EventDate "2023.05.27"]

1. e4 c5 2. Nf3 g6 3. d4 cxd4 4. Nxd4 Nf6 5. Nc3 d6 6. Be3 Bg7 7. h3 O-O 8. Bc4
a6 9. a4 Nxe4 10. Nxe4 d5 11. Bxd5 Qxd5 12. Qf3 Qa5+ 13. Nc3 Nc6 14. O-O-O Nxd4
15. Bxd4 e5 16. Be3 e4 17. Qf4 Be5 18. Rd5 Qxd5 19. Nxd5 Bxf4 20. Bxf4 f5 21.
Nb6 Be6 22. Nxa8 Rxa8 23. Rd1 Kf7 24. Rd6 Re8 25. h4 Re7 26. Rd8 Re8 27. Rd6 Re7
28. Bg5 Rd7 29. Rb6 Bd5 30. g3 Bc6 31. b3 Ke8 32. Rb4 b5 33. axb5 axb5 34. Be3
Kf7 35. Kb2 Ke6 36. c4 Rb7 37. Bf4 bxc4 38. Rxc4 Bd5 39. Rc3 Rb6 40. Be3 Rb8 41.
Ka3 Kd7 42. Bf4 Rb7 43. Be3 Rb8 44. Bc5 Ke6 45. Ka4 Kd7 46. b4 Bc6+ 47. Kb3 Bb5
48. Kc2 Ke6 49. Ra3 Rb7 50. Ra8 Ke5 51. Rf8 Ke6 52. Kd2 Bd3 53. Ke3 Ke5 54. Rd8
Ke6 55. Kf4 Rd7 56. Rf8 Kd5 57. h5 gxh5 58. Rxf5+ Kc4 59. Rxh5 Rf7+ 60. Ke3 Kc3
61. f4 exf3 62. Bd4+ Kc4 63. Rc5+ Kxb4 64. Kxd3 f2 65. Rc4+ Kb5 66. Rc5+ Kb4 67.
Bxf2 Rxf2 68. Rh5 Rf3+ 69. Ke2 Rxg3 70. Rxh7 1/2-1/2

[Event "23rd Dubai Open 2023"]
[Site "Dubai UAE"]
[Date "2023.05.29"]
[Round "3.39"]
[White "Ahmad, Al Khatib"]
[Black "Alothman, Ali Layth Ahmed"]
[Result "1-0"]
[WhiteTitle "GM"]
[BlackTitle "FM"]
[WhiteElo "2344"]
[BlackElo "2224"]
[WhiteFideId "8103178"]
[BlackFideId "4801920"]
[EventDate "2023.05.27"]

1. e4 c6 2. d4 d5 3. exd5 cxd5 4. Nf3 Nf6 5. Ne5 a6 6. Bd3 Nc6 7. c3 e6 8. Nd2
Bd7 9. f4 Bd6 10. O-O Ne7 11. Qe2 O-O 12. a4 Ne8 13. Ndf3 f5 14. Nxd7 Qxd7 15.
Re1 Nc7 16. Bd2 Rae8 17. b4 Nc8 18. a5 Be7 19. Ne5 Qd8 20. g4 Nd6 21. Kh1 Ne4
22. Rg1 Bd6 23. Rg2 Bxe5 24. fxe5 Rf7 25. Rag1 Nxd2 26. Qxd2 f4 27. g5 g6 28.
Rf2 Ref8 29. Rf3 Nb5 30. Rg4 Qc7 31. Bf1 Qc6 32. h4 Na3 33. h5 Nc4 34. Qh2 gxh5
35. Qxh5 Nd2 36. g6 Nxf3 37. gxf7+ Kh8 38. Rg8+ Rxg8 39. fxg8=R+ Kxg8 40. Qxf3
Qc7 41. Qg4+ Kh8 42. Qxf4 Qg7 43. Bh3 1-0

[Event "23rd Dubai Open 2023"]
[Site "Dubai UAE"]
[Date "2023.05.29"]
[Round "3.40"]
[White "Saeed, Ishaq"]
[Black "Eric, Jovana"]
[Result "1-0"]
[WhiteTitle "IM"]
[BlackTitle "WGM"]
[WhiteElo "2303"]
[BlackElo "2217"]
[WhiteFideId "9301453"]
[BlackFideId "938238"]
[EventDate "2023.05.27"]

1. d4 Nf6 2. c4 e6 3. Nf3 Bb4+ 4. Nbd2 O-O 5. e3 b6 6. Bd3 Bb7 7. O-O d5 8. Qc2
Nbd7 9. a3 Bd6 10. Rd1 Qe7 11. e4 dxe4 12. Nxe4 Bxe4 13. Bxe4 Nxe4 14. Qxe4 h6
15. b4 Nf6 16. Qc6 Qe8 17. Qxe8 Rfxe8 18. Bb2 Rad8 19. Kf1 Ne4 20. Ke2 f6 21.
Ke3 Ng5 22. h4 Nxf3 23. Kxf3 Kf7 24. Bc3 Rd7 25. a4 Red8 26. Re1 e5 27. dxe5
Bxe5 28. Bxe5 Rd3+ 29. Kf4 fxe5+ 30. Rxe5 Rd2 31. Rf5+ Kg8 32. Kg3 R8d3+ 33. f3
Rc3 34. Re1 Rcc2 35. h5 Rxg2+ 36. Kf4 Rxc4+ 37. Re4 Rgc2 38. b5 c6 39. bxc6
Rxe4+ 40. fxe4 Rxc6 41. Rd5 Rc4 42. Rd8+ Kh7 43. a5 bxa5 44. Rd7 a6 45. Rd6 Kg8
46. Rxa6 Rc5 47. e5 Kf7 48. Kf5 Rc1 49. Ra7+ Ke8 50. Rxg7 a4 51. Kf6 a3 52. Rg8+
Kd7 53. e6+ Kc7 54. Ra8 Rf1+ 55. Ke7 Ra1 56. Ra4 a2 57. Rc4+ Kb6 58. Rc2 Kb5 59.
Rf2 Rh1 60. Rxa2 Rxh5 61. Re2 Rf5 62. Kd6 Kc4 63. e7 1-0

[Event "23rd Dubai Open 2023"]
[Site "Dubai UAE"]
[Date "2023.05.30"]
[Round "4.1"]
[White "Sanal, Vahap"]
[Black "Aravindh, Chithambaram VR."]
[Result "0-1"]
[WhiteTitle "GM"]
[BlackTitle "GM"]
[WhiteElo "2600"]
[BlackElo "2633"]
[WhiteFideId "6300545"]
[BlackFideId "5072786"]
[EventDate "2023.05.27"]

1. e4 e5 2. Nf3 Nc6 3. Bb5 a6 4. Ba4 d6 5. O-O b5 6. Bb3 Na5 7. d4 Nxb3 8. axb3
f6 9. c4 b4 10. d5 Ne7 11. Ne1 c5 12. f4 exf4 13. Bxf4 Ng6 14. Nd3 Be7 15. Nd2
O-O 16. Nf3 Re8 17. Qd2 Bf8 18. Rae1 a5 19. h4 Nh8 20. Bg3 Nf7 21. Re2 a4 22.
bxa4 Rxa4 23. b3 Ra3 24. Qc2 Bg4 25. Nf2 Bh5 26. Nh3 Bg4 27. Nf2 Bh5 28. Rfe1
Qd7 29. Nd3 Rea8 30. Nc1 Ne5 31. Bxe5 fxe5 32. Rf2 Be7 33. Qd3 Qg4 34. Ref1 h6
35. Qe3 Bg6 36. Re2 Rf8 37. Rfe1 Rf4 38. Qd3 Ra1 39. Re3 Bxh4 40. Nxh4 Qxh4 41.
g3 Qg5 42. Kh2 Rf2+ 43. Kg1 Rb2 44. Qd1 Bxe4 0-1

[Event "23rd Dubai Open 2023"]
[Site "Dubai UAE"]
[Date "2023.05.30"]
[Round "4.2"]
[White "Yu, Yangyi"]
[Black "Kovalev, Vladislav"]
[Result "1-0"]
[WhiteTitle "GM"]
[BlackTitle "GM"]
[WhiteElo "2729"]
[BlackElo "2612"]
[WhiteFideId "8603820"]
[BlackFideId "13504398"]
[EventDate "2023.05.27"]

1. c4 e6 2. Nc3 Bb4 3. Nf3 Nf6 4. Qc2 d5 5. a3 Bxc3 6. Qxc3 c5 7. cxd5 Qxd5 8.
d3 b6 9. e4 Qd8 10. Be2 Ba6 11. Bg5 h6 12. Bh4 Nbd7 13. b4 Rc8 14. O-O O-O 15.
Qb2 Qe8 16. Nd2 e5 17. b5 Bb7 18. Nc4 Qe6 19. h3 Rfe8 20. a4 a6 21. Rfb1 Ra8 22.
Qc3 a5 23. Rf1 g5 24. Bg3 Bc8 25. Rae1 Qe7 26. Qc1 Nh7 27. Bg4 Nhf8 28. Ne3 Ng6
29. Nd5 Qd6 30. d4 cxd4 31. Qc7 Qxc7 32. Nxc7 Nf6 33. Bf5 Bb7 34. Nxa8 Bxa8 35.
Bxg6 fxg6 36. f3 Nd7 37. Rc1 Nc5 38. Rc4 Bb7 39. Rfc1 Nb3 40. Rd1 Re7 41. Be1
Kf7 42. Rb1 Nc5 43. Bxa5 Nxe4 44. Bb4 Bd5 45. Rcc1 Ra7 46. fxe4 Bxe4 47. Ra1 Ke6
48. a5 Bd5 49. axb6 Rb7 50. Rc7 1-0

[Event "23rd Dubai Open 2023"]
[Site "Dubai UAE"]
[Date "2023.05.30"]
[Round "4.3"]
[White "Indjic, Aleksandar"]
[Black "Erigaisi, Arjun"]
[Result "1/2-1/2"]
[WhiteTitle "GM"]
[BlackTitle "GM"]
[WhiteElo "2618"]
[BlackElo "2701"]
[WhiteFideId "911925"]
[BlackFideId "35009192"]
[EventDate "2023.05.27"]

1. Nf3 d5 2. g3 g6 3. c4 dxc4 4. Na3 Bg7 5. Nxc4 c5 6. h4 Nf6 7. Bg2 Nc6 8. d3
Be6 9. O-O O-O 10. Bd2 Ng4 11. a4 h5 12. Rb1 Rc8 13. Ng5 Bxc4 14. dxc4 Qb6 15.
e3 Rcd8 16. Qc2 a5 17. Rfd1 Nb4 18. Bxb4 axb4 19. b3 Nf6 20. Bd5 e6 21. Bf3 Qc7
22. Ne4 b6 23. Nxf6+ Bxf6 24. Qe4 Kg7 25. Qc6 Qxc6 26. Bxc6 Rxd1+ 27. Rxd1 Rd8
28. Rxd8 Bxd8 29. Kg2 Kf6 30. Kf3 Bc7 31. Ke4 1/2-1/2

[Event "23rd Dubai Open 2023"]
[Site "Dubai UAE"]
[Date "2023.05.30"]
[Round "4.4"]
[White "Yuffa, Daniil"]
[Black "Tabatabaei, M. Amin"]
[Result "0-1"]
[WhiteTitle "GM"]
[BlackTitle "GM"]
[WhiteElo "2592"]
[BlackElo "2677"]
[WhiteFideId "24131423"]
[BlackFideId "12521213"]
[EventDate "2023.05.27"]

1. d4 Nf6 2. c4 e6 3. Nf3 d5 4. Nc3 Nbd7 5. cxd5 exd5 6. Bg5 Bb4 7. Nd2 c6 8. e3
Nf8 9. Bd3 Ng6 10. Qa4 Be7 11. Qc2 Qd6 12. Rb1 h6 13. Bxf6 Qxf6 14. O-O Nh4 15.
f4 Bf5 16. g3 h5 17. Kh1 Bxd3 18. Qxd3 Nf5 19. Nf3 g6 20. Ne5 Rd8 21. Kg1 Kf8
22. a3 Kg7 23. Rbe1 Rhe8 24. Re2 a6 25. Rd1 Qe6 26. Rde1 c5 27. Kg2 b5 28. dxc5
Bxc5 29. e4 dxe4 30. Qxe4 Qc8 31. b4 Bd4 32. Nd5 Qb8 33. Rc2 Qb7 34. Nc7 Qxe4+
35. Rxe4 Re7 36. Nxa6 Ne3+ 37. Rxe3 Bxe3 38. Nc7 f6 39. Nf3 g5 40. fxg5 fxg5 41.
h3 Rd1 42. Nxb5 g4 43. hxg4 hxg4 44. Nh4 Rf7 45. Re2 Bb6 46. Nc3 Rg1+ 47. Kh2
Rff1 48. Re7+ Kg8 49. Ne2 Rf2+ 0-1

[Event "23rd Dubai Open 2023"]
[Site "Dubai UAE"]
[Date "2023.05.30"]
[Round "4.5"]
[White "Matlakov, Maxim"]
[Black "Adhiban, Baskaran"]
[Result "1/2-1/2"]
[WhiteTitle "GM"]
[BlackTitle "GM"]
[WhiteElo "2662"]
[BlackElo "2589"]
[WhiteFideId "4168003"]
[BlackFideId "5018471"]
[EventDate "2023.05.27"]

1. Nf3 c5 2. c4 Nc6 3. d4 cxd4 4. Nxd4 Nf6 5. g3 d6 6. Bg2 Bd7 7. b3 g6 8. Bb2
Bg7 9. O-O h5 10. Nf3 O-O 11. Nc3 Qa5 12. a3 Rfc8 13. b4 Qd8 14. Rc1 Be6 15. Nb5
Qd7 16. Ng5 Bf5 17. Qb3 Qe8 18. Rfd1 a6 19. Nc3 Nd8 20. Na4 Nd7 21. Bxg7 Kxg7
22. c5 dxc5 23. bxc5 Rc7 24. Nb6 Nxb6 25. cxb6 Rxc1 26. Rxc1 f6 27. Ne4 Qb5 28.
Qxb5 axb5 29. Nc5 Rxa3 30. Nxb7 Nxb7 31. Bxb7 b4 32. g4 hxg4 33. e4 Be6 34. Rb1
b3 35. Bd5 Bxd5 36. exd5 Ra8 37. Rxb3 f5 38. b7 Rb8 39. Rb6 Kf7 40. Kg2 g5 41.
Kf1 Ke8 42. Kg2 Kf7 43. Kf1 Ke8 44. Kg2 1/2-1/2

[Event "23rd Dubai Open 2023"]
[Site "Dubai UAE"]
[Date "2023.05.30"]
[Round "4.6"]
[White "Harsha, Bharathakoti"]
[Black "Sindarov, Javokhir"]
[Result "1/2-1/2"]
[WhiteTitle "GM"]
[BlackTitle "GM"]
[WhiteElo "2602"]
[BlackElo "2661"]
[WhiteFideId "5078776"]
[BlackFideId "14205483"]
[EventDate "2023.05.27"]

1. d4 Nf6 2. Nf3 g6 3. Nbd2 d5 4. e3 Bg7 5. b4 a5 6. b5 c5 7. bxc6 Nxc6 8. a4
O-O 9. Be2 Bf5 10. c3 Qc7 11. Ba3 Rfc8 12. O-O e5 13. h3 exd4 14. exd4 Bd7 15.
Qb3 Re8 16. Rfe1 Bf5 17. Bf1 Bf8 18. Bxf8 Kxf8 19. Nh4 Bd7 20. Bd3 Kg7 21. Nhf3
Rac8 22. Rab1 Rxe1+ 23. Rxe1 Be6 24. Ng5 Nd8 25. Nb1 Bd7 26. Re3 Ne6 27. Nxe6+
Bxe6 28. Bc2 Ne8 29. Na3 Nd6 30. Nb5 Nxb5 31. Qxb5 Qc6 32. Qxa5 Qd6 33. Bb3 Rc6
34. Qb4 Qc7 35. Ba2 Rb6 36. Qa3 Ra6 37. Qb4 Rb6 38. Qa3 Ra6 39. Qb4 Rb6 1/2-1/2

[Event "23rd Dubai Open 2023"]
[Site "Dubai UAE"]
[Date "2023.05.30"]
[Round "4.7"]
[White "Chigaev, Maksim"]
[Black "Bernadskiy, Vitaliy"]
[Result "1/2-1/2"]
[WhiteTitle "GM"]
[BlackTitle "GM"]
[WhiteElo "2628"]
[BlackElo "2592"]
[WhiteFideId "4108116"]
[BlackFideId "14100371"]
[EventDate "2023.05.27"]

1. d4 Nf6 2. c4 g6 3. Nc3 d5 4. cxd5 Nxd5 5. e4 Nxc3 6. bxc3 Bg7 7. Nf3 c5 8.
Bb5+ Nc6 9. O-O O-O 10. Bxc6 bxc6 11. Qc2 Qa5 12. a4 Bg4 13. Ne5 Bxe5 14. dxe5
Rfd8 15. h3 Be6 16. Bg5 Rd7 17. Rfd1 Rad8 18. Rxd7 Rxd7 19. Rd1 Rxd1+ 20. Qxd1
Qxc3 21. Bxe7 Qd4 22. Qc1 c4 23. Qh6 Qa1+ 24. Kh2 Qxe5+ 25. f4 Qg7 26. Qh4 h6
27. Bf6 Qf8 28. Qf2 Qd6 29. Be5 Qe7 30. Qb2 Kh7 31. Qb8 f6 32. Bc3 a6 33. a5 h5
34. Qb6 g5 35. Qxa6 Qc7 36. e5 gxf4 37. Qb6 Qg7 38. Qb1+ Kh6 39. Qe1 Bd5 40. Qf2
fxe5 41. a6 c5 42. a7 Ba8 43. Bb2 Qg5 44. Qd2 Qg3+ 45. Kg1 Qd3 46. Qxd3 cxd3 47.
Bxe5 Kg5 48. Kf2 Kf5 49. Bc3 h4 50. Kf1 Ke4 51. Kf2 c4 52. Bf6 Kf5 53. Bc3 Ke6
54. Kf1 Kd6 55. Ke1 Bxg2 56. Kd2 Ke6 57. Ba5 Kd7 58. Kc3 Bd5 59. a8=Q Bxa8 60.
Kxc4 Be4 61. Be1 Ke6 62. Kc3 Bf5 63. Bxh4 Kd5 64. Kd2 Ke4 65. Bf2 Kf3 66. Bb6
Kg2 67. Ke1 Kxh3 68. Ba7 Kg2 69. Bb6 f3 70. Ba7 f2+ 71. Bxf2 d2+ 72. Kxd2 1/2-1/2

[Event "23rd Dubai Open 2023"]
[Site "Dubai UAE"]
[Date "2023.05.30"]
[Round "4.8"]
[White "Niemann, Hans Moke"]
[Black "Iskandarov, Misratdin"]
[Result "1-0"]
[WhiteTitle "GM"]
[BlackTitle "GM"]
[WhiteElo "2708"]
[BlackElo "2577"]
[WhiteFideId "2093596"]
[BlackFideId "13400312"]
[EventDate "2023.05.27"]

1. d4 Nf6 2. c4 e6 3. Nf3 b6 4. g3 Ba6 5. b3 Bb4+ 6. Bd2 Be7 7. Nc3 O-O 8. e4 d5
9. cxd5 exd5 10. Bxa6 Nxa6 11. e5 Ne4 12. O-O c5 13. Qe2 Nxc3 14. Bxc3 Nc7 15.
dxc5 bxc5 16. Ba5 Qd7 17. Rad1 Ne6 18. Qd3 Bd8 19. Be1 Bc7 20. Qxd5 Qxd5 21.
Rxd5 Rfd8 22. Rd2 g5 23. h3 Kg7 24. Kg2 Kg6 25. Rxd8 Rxd8 26. Bd2 h5 27. g4 hxg4
28. hxg4 c4 29. bxc4 Rd3 30. Rh1 Ra3 31. Rh8 Rxa2 32. Bxg5 Nxg5 33. Rg8+ Kh7 34.
Rxg5 Re2 35. Rf5 Kg8 36. Kf1 Re4 37. Rxf7 Kxf7 38. Ng5+ Kg6 39. Nxe4 Bxe5 40.
Ke2 a5 41. Nc5 Bd6 42. Na4 Kg5 43. f3 Kf4 44. c5 Bc7 45. Nc3 Bd8 46. c6 Ke5 47.
Nb5 1-0

[Event "23rd Dubai Open 2023"]
[Site "Dubai UAE"]
[Date "2023.05.30"]
[Round "4.9"]
[White "Salem, A.R. Saleh"]
[Black "Mishra, Abhimanyu"]
[Result "1/2-1/2"]
[WhiteTitle "GM"]
[BlackTitle "GM"]
[WhiteElo "2677"]
[BlackElo "2550"]
[WhiteFideId "9301348"]
[BlackFideId "30920019"]
[EventDate "2023.05.27"]

1. d4 d5 2. c4 c6 3. Nf3 Nf6 4. e3 e6 5. Nbd2 Be7 6. b3 O-O 7. Bb2 Nbd7 8. Bd3
dxc4 9. bxc4 c5 10. Qe2 Qc7 11. O-O cxd4 12. exd4 b6 13. Nb3 Re8 14. Ne5 Bb7 15.
f4 g6 16. Rac1 Rac8 17. Nd2 Bf8 18. g4 Bg7 19. h3 Qd6 20. Ndf3 Bxf3 21. Rxf3 Nb8
22. Bc2 Nc6 23. Rd1 Na5 1/2-1/2

[Event "23rd Dubai Open 2023"]
[Site "Dubai UAE"]
[Date "2023.05.30"]
[Round "4.10"]
[White "Gupta, Abhijeet"]
[Black "Miladinovic, Igor"]
[Result "1/2-1/2"]
[WhiteTitle "GM"]
[BlackTitle "GM"]
[WhiteElo "2630"]
[BlackElo "2507"]
[WhiteFideId "5010608"]
[BlackFideId "4203380"]
[EventDate "2023.05.27"]

1. d4 d5 2. c4 e6 3. Nf3 Nf6 4. g3 c5 5. cxd5 exd5 6. Bg2 Nc6 7. O-O Be7 8. dxc5
Bxc5 9. a3 Ne4 10. b4 Bb6 11. Bb2 O-O 12. Nc3 Nxc3 13. Bxc3 a6 14. Qd2 d4 15.
Bb2 Qf6 16. Rac1 Bf5 17. Qf4 Rfe8 18. Rxc6 bxc6 19. Bxd4 g5 20. Qd2 Bxd4 21.
Qxd4 Kg7 22. Rc1 Rxe2 23. Qxf6+ Kxf6 24. Nd4 Rd2 25. Nxf5 Kxf5 26. Rc5+ Kf6 27.
Rxc6+ Kg7 28. Rc5 Rd1+ 29. Bf1 h6 30. Kg2 a5 31. bxa5 Ra1 1/2-1/2

[Event "23rd Dubai Open 2023"]
[Site "Dubai UAE"]
[Date "2023.05.30"]
[Round "4.11"]
[White "Karthik, Venkataraman"]
[Black "Sargsyan, Shant"]
[Result "1/2-1/2"]
[WhiteTitle "GM"]
[BlackTitle "GM"]
[WhiteElo "2528"]
[BlackElo "2630"]
[WhiteFideId "25006479"]
[BlackFideId "13306766"]
[EventDate "2023.05.27"]

1. e4 e5 2. Nf3 Nc6 3. Bb5 a6 4. Ba4 Nf6 5. O-O Be7 6. Re1 b5 7. Bb3 O-O 8. a4
b4 9. d4 d6 10. dxe5 Nxe5 11. Bf4 Ng6 12. Bg3 Bb7 13. Nbd2 Nd7 14. Nc4 Nc5 15.
e5 Nxb3 16. cxb3 f5 17. exd6 cxd6 18. Bxd6 Bxd6 19. Qxd6 Bxf3 20. Qxd8 Raxd8 21.
gxf3 Nh4 22. Re6 Nxf3+ 23. Kg2 Nh4+ 24. Kf1 Rf6 25. Rae1 Kf7 26. Re7+ Kf8 27.
R1e6 Rg6 28. Ke2 Rg1 29. Nd6 Rxd6 30. Re8+ Kf7 31. R8e7+ Kf8 32. Re8+ Kf7 1/2-1/2

[Event "23rd Dubai Open 2023"]
[Site "Dubai UAE"]
[Date "2023.05.30"]
[Round "4.12"]
[White "Mchedlishvili, Mikheil"]
[Black "Murzin, Volodar"]
[Result "1/2-1/2"]
[WhiteTitle "GM"]
[BlackTitle "GM"]
[WhiteElo "2553"]
[BlackElo "2604"]
[WhiteFideId "13600966"]
[BlackFideId "44155573"]
[EventDate "2023.05.27"]

1. Nf3 d5 2. c4 e6 3. g3 Nf6 4. d4 Nbd7 5. Bg2 Be7 6. O-O O-O 7. Qc2 c6 8. Nbd2
b6 9. e4 dxe4 10. Nxe4 Nxe4 11. Qxe4 Bb7 12. Rd1 b5 13. cxb5 Nf6 14. Qe2 cxb5
15. Qxb5 Rb8 16. Qe2 Qb6 17. b3 Rbc8 18. Ne5 Bxg2 19. Kxg2 a5 20. Bg5 h6 21.
Bxf6 Bxf6 22. Rd3 Rfd8 23. Rad1 Rd5 24. Nf3 Rcd8 25. Qe4 g6 26. R3d2 Qd6 27. Rd3
Kg7 28. R3d2 Kg8 29. Rd3 Kg7 30. R3d2 1/2-1/2

[Event "23rd Dubai Open 2023"]
[Site "Dubai UAE"]
[Date "2023.05.30"]
[Round "4.13"]
[White "Aditya, Mittal"]
[Black "Smirin, Ilia"]
[Result "1-0"]
[WhiteTitle "GM"]
[BlackTitle "GM"]
[WhiteElo "2522"]
[BlackElo "2599"]
[WhiteFideId "35042025"]
[BlackFideId "2801990"]
[EventDate "2023.05.27"]

1. e4 c5 2. Nf3 Nc6 3. d4 cxd4 4. Nxd4 Nf6 5. Nc3 d6 6. Bg5 Bd7 7. Qd2 a6 8.
O-O-O e6 9. Kb1 Be7 10. Nxc6 Bxc6 11. f3 O-O 12. h4 b5 13. Ne2 Rc8 14. Nd4 Bb7
15. Nb3 Qc7 16. Bd3 Rfd8 17. g4 e5 18. Bxf6 Bxf6 19. g5 Be7 20. h5 d5 21. g6
dxe4 22. fxe4 Bxe4 23. gxf7+ Kf8 24. h6 g6 25. Rhf1 Bxd3 26. cxd3 Qd6 27. Qe3
Qd5 28. d4 e4 29. Rde1 Rc6 30. Qxe4 Qxe4+ 31. Rxe4 Rf6 32. Rfe1 Rd7 33. Nc5 Bxc5
34. dxc5 Kxf7 35. Kc2 g5 36. Re5 g4 37. Rg5 Rxh6 38. Rxg4 Rd5 39. Rf4+ Rf6 40.
Rxf6+ Kxf6 41. b4 h5 42. Rd1 Re5 43. Rd6+ Kg5 44. c6 Re8 45. Kd3 h4 46. Kd4 h3
47. Kc5 Re2 48. c7 Rxa2 49. Kb6 Rc2 50. Rd1 1-0

[Event "23rd Dubai Open 2023"]
[Site "Dubai UAE"]
[Date "2023.05.30"]
[Round "4.14"]
[White "Theodorou, Nikolas"]
[Black "Fawzy, Adham"]
[Result "1/2-1/2"]
[WhiteTitle "GM"]
[BlackTitle "GM"]
[WhiteElo "2591"]
[BlackElo "2495"]
[WhiteFideId "4262875"]
[BlackFideId "10613129"]
[EventDate "2023.05.27"]

1. e4 c5 2. Nf3 Nc6 3. Bb5 g6 4. O-O Bg7 5. c3 Nf6 6. d4 a6 7. Bxc6 dxc6 8. Qe2
Bg4 9. Nbd2 cxd4 10. cxd4 O-O 11. h3 Be6 12. Re1 Ne8 13. Rd1 Nd6 14. a4 Qb6 15.
Qe3 Rac8 16. Ra3 Qb4 17. b3 c5 18. d5 Bd7 19. Ra2 c4 20. Ba3 Qc3 21. Qxc3 Bxc3
22. bxc4 Nxc4 23. Bxe7 Rfe8 24. d6 Nxd2 25. Nxd2 f5 26. exf5 gxf5 27. Rb1 Rb8
28. Nf3 Rec8 29. Ra3 b6 30. Rc1 Bg7 31. Re1 Rc5 32. Bg5 Rd5 33. Bf4 Re8 34. Rb1
b5 35. axb5 Bxb5 36. g3 Bf8 37. Nh4 Rd8 38. Rf3 a5 39. Kh2 a4 40. Rb4 Rd7 41.
Ng2 Ra7 42. Ra3 Bd7 43. Rb6 Rb5 44. Rxb5 Bxb5 45. Ne3 Bd7 46. Nc4 Bb5 47. Nb6
Ra6 48. Nd5 Bxd6 49. Bxd6 Rxd6 50. Ne7+ Kf8 51. Nxf5 Rd3 52. Ra1 Rf3 53. Nd4
Rxf2+ 54. Kg1 Rb2 55. Nxb5 Rxb5 56. Rxa4 Rb2 57. Rf4+ Kg7 58. Rf2 Rb3 59. Kg2 h5 1/2-1/2

[Event "23rd Dubai Open 2023"]
[Site "Dubai UAE"]
[Date "2023.05.30"]
[Round "4.15"]
[White "Panda, Sambit"]
[Black "Asadli, Vugar"]
[Result "1/2-1/2"]
[WhiteTitle "IM"]
[BlackTitle "GM"]
[WhiteElo "2436"]
[BlackElo "2584"]
[WhiteFideId "25091794"]
[BlackFideId "13405764"]
[EventDate "2023.05.27"]

1. d4 Nf6 2. c4 e6 3. Nf3 d5 4. Nc3 c6 5. Bg5 h6 6. Bxf6 Qxf6 7. e3 g6 8. Be2
Bg7 9. O-O O-O 10. Rc1 Nd7 11. Qc2 Qe7 12. Rfd1 Rd8 13. a3 a5 14. h3 Rb8 15. Qa4
Ra8 16. Qc2 Rb8 17. Qa4 Ra8 18. Qc2 1/2-1/2